LEADER 01145cam1 22002651 450 001 SOBE00040258 005 20140217093232.0 100 $a20140217g00009999|||||ita|0103 ba 101 $aeng$agrc 102 $aGB 200 1 $aLyra graeca$ebeing the remains of all the greek lyric poets from Eumelus to Timotheus excepting Pindar$fnewly edited and translated by J. M. Edmonds 210 $aLondon$cWilliam Heinemann 215 $a3 v.$d17 cm 225 2 $aLoeb Classical Library 300 $aTesto originale a fronte 410 1$1001LAEC00022597$12001 $aThe *Loeb Classical Library 463 1$1001SOBE00040261$12000 $a<<3:>>Including Corinna, Bacchylides, Timotheus, the anonymus fragments, the folk-songs and the scoliae with an account of greek lyric poetry 463 1$1001SOBE00040260$12000 $a<<2:>>Including Stesichorus, Ibycus, Anacreon and Simonides / newly edited and translated by J. M. Edmonds 702 1$aEdmonds, John Maxwell$3SOBA00009369$4070 801 0$aIT$bUNISOB$c20140217$gRICA 912 $aSOBE00040258 940 $aM 102 Monografia moderna SBN 941 $aM 996 $aLyra Graeca$980932 997 $aUNISOB LEADER 01018cam0 22002653 450 001 SON0000895 005 20170314095009.0 100 $a20000525d1983 |||||ita|0103 ba 101 $aita 102 $aIT 200 1 $a<>biblioteca universitaria del secondo '600$ela Libraria di Sapienza dello Studio Pisano (1666-1700)$fStefano De Rosa$gprefazione di Charles B.Schmitt 210 $aFirenze$cOlschki$d1983 215 $a176 p.$d21 cm 225 2 $aCollana di monografie delle biblioteche d'Italia 410 1$1001LAEC00015242$12001 $a*Collana di monografie delle biblioteche d'Italia 700 1$aDe Rosa$b, Stefano$3AF00003612$4070$0152811 801 0$aIT$bUNISOB$c20170314$gRICA 850 $aUNISOB 852 $aUNISOB$j010$m47896 912 $aSON0000895 940 $aM 102 Monografia moderna SBN 941 $aM 957 $a010$b000020$gSI$d47896$1carrano$2UNISOB$3UNISOB$420110715092453.0$520170314095009.0$6catenacci 996 $aBiblioteca universitaria del secondo '600$9601020 997 $aUNISOB